000
00318nam a22001337a 4500
020
_a
9781439879948
082
_a
551
_b
CHA/FO
100
_a
Chang,Mingteh
_9
483
245
_a
Forest Hydrology An Introduction To water And Forests
250
_a
3
260
_a
New York
_b
CRC Press
_c
2013
300
_a
569
942
_c
BK
999
_c
14340
_d
14340